000 00691nam a2200229Ia 4500
003 OSt
005 20220918173741.0
006 a|||||r|||| 00| 0
007 ta
008 220917b |||||||| |||| 00| 0 eng d
024 _a8,212
037 _cTextual
040 _aARTS
_cARTS
_beng
041 _2eng
_aeng
082 _a234:1, K2 (2D)
100 _aBidlack Russell E.
245 0 _aNucleus of a library
_b a study of the book collection of the university of Michigan and the personalities involved in its acquisition 1937-1845
260 _c1962
650 _aLIBRARY SCIENCE
942 _h234:1, K2 (2D)
_cTEXL
_2CC
999 _c150002
_d150002